| 000 | 01190cam a22003137a 4500 | ||
|---|---|---|---|
| 003 | CHAP | ||
| 005 | 20220329140019.0 | ||
| 008 | 971013s1958 r 00010 d | ||
| 010 | _a45536 | ||
| 011 | _a46508 | ||
| 035 | _a50649 | ||
| 040 | _cCHAP | ||
| 082 |
_a634.942 _bT45 |
||
| 100 | 0 | 0 |
_aThimann, Kenneth Vivian _eed. _9112784 |
| 245 | 1 | 4 | _aThe physiology of forest trees; symposium held at the Harbvard Forest, April 1957 |
| 260 |
_aNew York : _bRonald Press, _c1958 |
||
| 300 |
_a678 p. _b: ilus. |
||
| 505 | _aContenido : Water relations and sap movement- Photosynthesis - General biochemistry - Mineral nutrition - phloem transport - Root growth - Other growth phenomena - Photoperiodism and thermope riodism - Reproduction | ||
| 590 |
_aBATCH-UPD _b10 _c20130110 _lUCH01 _h1402 |
||
| 590 |
_aBATCH-UPD _b10 _c20130410 _lUCH01 _h0852 |
||
| 590 |
_aBATCH-UPD _b10 _c20130914 _lUCH01 _h0714 |
||
| 590 |
_aCONVERSION _b10 _c20130109 _lUCH01 _h1325 |
||
| 650 | 1 | 4 |
_aÁrboles. _982433 |
| 650 | 1 | 4 |
_aBosques _xCongresos. _914116 |
| 650 | 1 | 4 |
_aFisiología vegetal. _941136 |
| 901 | _aBK | ||
| 942 | _cLIBRO | ||
| 949 |
_a634.942 T45 _bBC _cLIBRO _d33724000804399 _eLIBRO _fc.2 _h23745 _i50649 _sb |
||
| 999 |
_c45536 _d45536 |
||